书目信息 |
| 题名: |
风雨江山三百年
|
|
| 作者: | 张焕昌 著 | |
| 分册: | ||
| 出版信息: | 北京 中国人民大学出版社 2007.09 |
|
| 页数: | 342页 | |
| 开本: | 23cm | |
| 丛书名: | 朗朗书房·历史新阅读 | |
| 单 册: | ||
| 中图分类: | K244.09 | |
| 科图分类: | ||
| 主题词: | 两宋时代--liang song shi dai--历史--通俗读物 | |
| 电子资源: | ||
| ISBN: | 978-7-300-08519-7 | |
| 000 | 01053nam 2200265 450 | |
| 001 | 012008625545 | |
| 005 | 20080424140427.75 | |
| 010 | @a978-7-300-08519-7@dCNY26.80 | |
| 100 | @a20080424d2007 em y0chiy0120 ea | |
| 101 | 0 | @achi |
| 102 | @aCN@b110000 | |
| 105 | @ay z 000yy | |
| 106 | @ar | |
| 200 | 1 | @a风雨江山三百年@Afeng yu jiang shan san bai nian@e两宋白话史@f张焕昌著@Fzhang huan chang zhu |
| 210 | @a北京@c中国人民大学出版社@d2007.09 | |
| 215 | @a342页@d23cm | |
| 225 | 2 | @a朗朗书房·历史新阅读@Alang lang shu fang·li shi xin yue du |
| 330 | @a本书以通俗易懂的白话叙事手法,以北宋和南宋的十八位君主为纲,主述其中最具影响力的历史事件,熔史识、诗笔、文心于一炉,历史事件跌宕起伏,人物故事扣人心弦,给读者带来真切的现场感受和丰厚的历史体验。 | |
| 410 | 0 | @12001 @a朗朗书房·历史新阅读 |
| 517 | 1 | @a两宋白话史@Aliang song bai hua shi |
| 606 | 0 | @a两宋时代@Aliang song shi dai@x历史@j通俗读物 |
| 690 | @aK244.09@v4 | |
| 701 | 0 | @a张焕昌@Azhang huan chang@4著 |
| 801 | 0 | @aCN@bQSSK@c20080424 |
| 905 | @b296960-62@dK244.09@eZ110@f3 | |
| 风雨江山三百年:两宋白话史/张焕昌著.-北京:中国人民大学出版社,2007.09 |
| 342页;23cm.-(朗朗书房·历史新阅读) |
| ISBN 978-7-300-08519-7:CNY26.80 |
| 本书以通俗易懂的白话叙事手法,以北宋和南宋的十八位君主为纲,主述其中最具影响力的历史事件,熔史识、诗笔、文心于一炉,历史事件跌宕起伏,人物故事扣人心弦,给读者带来真切的现场感受和丰厚的历史体验。 |
| ● |
| 相关链接 |
|
|
|
正题名:风雨江山三百年
索取号:K244.09/Z110
 
预约/预借
| 序号 | 登录号 | 条形码 | 馆藏地/架位号 | 状态 | 备注 |
| 1 | 296960 | 202969608 | 社科库309/309社科库 34排3列3层/ [索取号:K244.09/Z110] | 在馆 | |
| 2 | 296961 | 202969617 | 社科库309/309社科库 34排3列3层/ [索取号:K244.09/Z110] | 在馆 | |
| 3 | 296962 | 202969626 | 社科库309/309社科库 34排3列3层/ [索取号:K244.09/Z110] | 在馆 |